| 000 | 00000nam 2200000zi 4500 |
| 001 | 9.945612 |
| 003 | CaOODSP |
| 005 | 20241126155516 |
| 006 | m o d f |
| 007 | cr |n||||||||| |
| 008 | 241126e200304 onca ob f000 0 eng d |
| 020 | |z0662672003 |
| 040 | |aCaOODSP|beng|erda|cCaOODSP |
| 043 | |an-cn--- |
| 086 | 1 |aPF4-17/2003E-PDF|zPF4-17/2003 |
| 245 | 00|aPublic opinion research : |bresearch techniques : guideposts to value / |cprepared by Communication Canada. |
| 246 | 30|aResearch techniques : |bguideposts to value |
| 264 | 1|a[Ottawa] : |bCommunication Canada, |cApril 2003. |
| 300 | |a1 online resource (ii, 38 pages) : |billustrations |
| 336 | |atext|btxt|2rdacontent |
| 337 | |acomputer|bc|2rdamedia |
| 338 | |aonline resource|bcr|2rdacarrier |
| 500 | |aDigitized edition from print [produced by Government of Canada Publications Directorate]. |
| 504 | |aIncludes bibliographical references. |
| 650 | 0|aPublic opinion polls|zCanada|xMethodology. |
| 650 | 0|aFocus groups|zCanada|xMethodology. |
| 650 | 6|aSondages d'opinion|zCanada|xMéthodologie. |
| 650 | 6|aEntretiens focalisés|zCanada|xMéthodologie. |
| 710 | 1 |aCanada.|bCommunication Canada, |eissuing body. |
| 856 | 40|qPDF|s29.3 MB|uhttps://publications.gc.ca/collections/collection_2024/isde-ised/PF4-17-2003-eng.pdf |